000 00501nam a2200193Ia 4500
005 20250423101650.0
008 250422s9999 xx 000 0 und d
020 _a9788184484137
050 _aQP 40 .R38/
100 _aRatan, Vidya
245 0 _aViva in human physiology
250 _a9th ed.
260 _aNew Delhi
260 _bJATPEE BROTHERS Medical Publishers (P) Ltd.
260 _c2008
300 _a176 p
650 _aHuman Physiology--Examinations, questions, etc.
942 _cBK
999 _c36916
_d36916